000 00718nam a2200241 a 4500
003 MX-MxUPN
005 20241001063856.0
008 991125s1934 sp fr 001 0 spa d
035 _aUPN01000027326
040 _aMX-MxUPN
_bspa
_cMX-MxUPN
041 _aspa
050 4 _aLB1025.2
_bL4.5
100 1 _aLlopis, Rodolfo,
_d1895-1983
_930635
245 1 0 _aHacia una escuela más humana
260 _aMadrid :
_bEditorial España,
_c1934.
300 _a205, [6] páginas
504 _aIncluye índice.
650 4 _aEducación humanística
_96593
710 2 _aInstituto Nacional de Pedagogía (México)
_epropietario anterior
_928088
902 _bMaríaRobles/030924
905 _aLibro
942 _2lcc
_cLIBRO
_n0
999 _c27326
_d27326